000 00499cam a2200205ua 4500
001 7960
005 20260515114256.0
008 150102n ii |||gr||||Z||||||hin
040 _cMAIN
041 _ahin
082 _a891.4382
100 _aRai, S.,
_eAuthor.
245 1 _aSubudh hindi vyakaran
_cBy SInhashan Rai
250 _a1st.
260 _aKolkatta:
_bAdarsh,
_c1984.
300 _axv,216p.
653 _aEast Indo-European & Celtic literatures
653 _aHindi Grammar
942 _cBK
999 _c7074
_d7074